[Event "Mittelfranken Mitte-ch 0910"]
[Site "Zirndorf"]
[Date "2010.01.09"]
[Round "6"]
[White "Wittmann, Norbert"]
[Black "Gawlas, Gunder"]
[Result "1/2-1/2"]
[WhiteElo "1733"]
[BlackElo "1603"]
[PlyCount "56"]
[EventDate "2010.01.03"]
[EventType "swiss"]
[EventRounds "7"]
[EventCountry "GER"]
[SourceTitle "EXT 2015"]
[Source "ChessBase"]
[SourceDate "2014.11.20"]
[SourceVersion "1"]
[SourceVersionDate "2014.11.20"]
[SourceQuality "1"]

1. e4 e5 2. d4 exd4 3. Nf3 d6 4. Nxd4 Nf6 5. Nc3 Be7 6. Be2 Nc6 7. Be3 a6 8. h3 Bd7 9. Qd2 b5 10. Bf3 Ne5 11. Bf4 0-0 12. 0-0 Bxh3 13. gxh3 c5 14. Bg2 Nc4 15. Nc6 Qd7 16. Nxe7+ Qxe7 17. Qd3 Ne5 18. Qd2 Qe6 19. Nd5 Nc4 20. Qe1 Nxd5 21. exd5 Qf6 22. b3 Rae8 23. Qc1 Ne5 24. Re1 Ng6 25. Bg3 Re7 26. Qd2 Rfe8 27. Rxe7 Qxa1+ 28. Kh2 Rxe7 1/2-1/2

[Event "Mittelfranken-chTB1 0910"]
[Site "Mittelfranken"]
[Date "2009.10.25"]
[Round "2.8"]
[White "Lais, Thomas"]
[Black "Wittmann, Norbert"]
[Result "0-1"]
[WhiteElo "1965"]
[BlackElo "1748"]
[PlyCount "82"]
[EventDate "2009.10.11"]
[EventType "team-tourn"]
[EventRounds "9"]
[EventCountry "GER"]
[SourceTitle "EXT 2011"]
[Source "ChessBase"]
[SourceDate "2010.11.26"]
[SourceVersion "1"]
[SourceVersionDate "2010.11.26"]
[SourceQuality "1"]
[WhiteTeam "Nuernberg Sued SW II"]
[BlackTeam "Muehlhof/Mfr"]
[WhiteTeamCountry "GER"]
[BlackTeamCountry "GER"]

1. e4 d5 2. exd5 Nf6 3. c4 c6 4. d4 cxd5 5. Nc3 e6 6. Nf3 Bb4 7. Bd2 Nc6 8. cxd5 Nxd5 9. a3 Be7 10. Bb5 0-0 11. 0-0 Nxc3 12. bxc3 Bd7 13. Bd3 Rc8 14. Qe2 Bf6 15. Rab1 b6 16. Rfe1 Re8 17. Ne5 Nxe5 18. dxe5 Be7 19. h4 Bxh4 20. Rb4 Be7 21. Qh5 g6 22. Rg4 Bf8 23. Bh6 Qe7 24. Re3 Bxh6 25. Qxh6 Qf8 26. Qh4 Rxc3 27. Rh3 Qg7 28. Qg5 Rxa3 29. Rgh4 h5 30. g4 Bc6 31. Qf6 Ra1+ 32. Kh2 Rh1+ 33. Kg3 Rxh3+ 34. Rxh3 Qxf6 35. exf6 hxg4 36. Kxg4 Rd8 37. f4 Rd5 38. Be4 Rc5 39. Bb1 Rc1 40. Ba2 Rg1+ 41. Kh4 Rh1 0-1

[Event "Mittelfranken-chTB1 0910"]
[Site "Mittelfranken"]
[Date "2009.10.11"]
[Round "1.5"]
[White "Thiele, Heinz"]
[Black "Wittmann, Norbert"]
[Result "1/2-1/2"]
[WhiteElo "2031"]
[BlackElo "1748"]
[PlyCount "86"]
[EventDate "2009.10.11"]
[EventType "team-tourn"]
[EventRounds "9"]
[EventCountry "GER"]
[SourceTitle "EXT 2011"]
[Source "ChessBase"]
[SourceDate "2010.11.26"]
[SourceVersion "1"]
[SourceVersionDate "2010.11.26"]
[SourceQuality "1"]
[WhiteTeam "Fuerth SF"]
[BlackTeam "Muehlhof/Mfr"]
[WhiteTeamCountry "GER"]
[BlackTeamCountry "GER"]

1. Nf3 d5 2. c4 Nf6 3. g3 Bg4 4. Bg2 Nbd7 5. cxd5 Nxd5 6. Nc3 e6 7. Qb3 N5b6 8. 0-0 Be7 9. d3 0-0 10. Be3 c6 11. Rac1 h5 12. h3 Bxf3 13. Bxf3 Bg5 14. Bxg5 Qxg5 15. Ne4 Qe5 16. Qc3 g6 17. d4 Qg7 18. Rfd1 Rfd8 19. Bg2 Rac8 20. Qa3 a6 21. e3 e5 22. Qb3 Rb8 23. Rc2 Nd5 24. Rcd2 Qf8 25. a3 Qe7 26. Qc2 Kh7 27. h4 Nc7 28. Bh3 Kg7 29. b4 Ne6 30. d5 cxd5 31. Rxd5 Nf6 32. Nxf6 Kxf6 33. Qb2 Nc7 34. Rxd8 Rxd8 35. Rc1 Kg7 36. Rc5 Re8 37. Qc1 Na8 38. Bg2 Nb6 39. Rc7 Qd6 40. Kh2 Qd8 41. Qc3 Nd5 42. Bxd5 Qxd5 43. Qc5 Qf3 1/2-1/2

[Event "Mittelfranken Mitte-ch 0809"]
[Site "Zirndorf"]
[Date "2009.01.10"]
[Round "4"]
[White "Wittmann, Norbert"]
[Black "Puehn, Georg"]
[Result "1-0"]
[WhiteElo "1687"]
[BlackElo "1836"]
[PlyCount "91"]
[EventDate "2009.01.06"]
[EventType "swiss"]
[EventRounds "7"]
[EventCountry "GER"]
[SourceTitle "EXT 2015"]
[Source "ChessBase"]
[SourceDate "2014.11.20"]
[SourceVersion "1"]
[SourceVersionDate "2014.11.20"]
[SourceQuality "1"]

1. e4 e5 2. d4 exd4 3. Nf3 Nc6 4. Nxd4 Nf6 5. Nxc6 bxc6 6. Bd3 Bc5 7. Bg5 h6 8. Bh4 d6 9. Nd2 Rb8 10. Nb3 Bb6 11. Qf3 g5 12. e5 dxe5 13. Bg3 Qe7 14. Qxc6+ Bd7 15. Qc4 0-0 16. 0-0-0 e4 17. Be2 e3 18. f3 Be6 19. Qc3 Nd5 20. Qe5 Nf6 21. h4 Nd7 22. Qc3 Qf6 23. Nd4 Bxd4 24. Rxd4 Nb6 25. Qxe3 c5 26. Re4 Nc4 27. Qc3 Qxc3 28. bxc3 Na3 29. Bxb8 Rxb8 30. Kd2 Rb2 31. Rc1 Bf5 32. Re8+ Kg7 33. Bd3 Be6 34. Ra8 Bxa2 35. Rxa7 Nb1+ 36. Rxb1 Bxb1 37. hxg5 hxg5 38. Rc7 c4 39. Rxc4 Ba2 40. Rb4 Rxb4 41. cxb4 Bd5 42. c4 Bb7 43. Be4 Bc8 44. g4 Kf6 45. b5 Ke5 46. b6 1-0

[Event "Mittelfranken Mitte-ch 0809"]
[Site "Zirndorf"]
[Date "2009.01.06"]
[Round "2"]
[White "Wittmann, Norbert"]
[Black "Werner, Thomas1111"]
[Result "0-1"]
[WhiteElo "1687"]
[BlackElo "1852"]
[PlyCount "91"]
[EventDate "2009.01.06"]
[EventType "swiss"]
[EventRounds "7"]
[EventCountry "GER"]
[SourceTitle "EXT 2015"]
[Source "ChessBase"]
[SourceDate "2014.11.20"]
[SourceVersion "1"]
[SourceVersionDate "2014.11.20"]
[SourceQuality "1"]

1. e4 c6 2. d4 d5 3. exd5 cxd5 4. c4 Nf6 5. Nf3 e6 6. Bd3 Be7 7. 0-0 0-0 8. Bf4 Nc6 9. Nc3 Nb4 10. Be2 dxc4 11. Bxc4 b6 12. Re1 Ba6 13. Bxa6 Nxa6 14. Ne5 Nd5 15. Nc6 Nxc3 16. bxc3 Qd7 17. Nxe7+ Qxe7 18. d5 Nc5 19. dxe6 Rad8 20. Qg4 Nxe6 21. Be5 Qg5 22. Qa4 Nc5 23. Qxa7 Nd3 24. f4 Nxf4 25. Bxf4 Qxf4 26. Qxb6 Rd2 27. Qe3 Qd6 28. c4 f5 29. c5 Qd5 30. Qe6+ Qxe6 31. Rxe6 Rb8 32. Rf1 g6 33. Rfe1 Rbb2 34. a4 Rxg2+ 35. Kh1 Rxh2+ 36. Kg1 Rbg2+ 37. Kf1 Ra2 38. Kg1 Rhc2 39. c6 Rxa4 40. Re8+ Kg7 41. R8e7+ Kf6 42. c7 Rac4 43. Rxh7 Rxc7 44. Rh8 Rc1 45. Rhe8 Rxe1+ 46. Rxe1 0-1

[Event "Mittelfranken-ch QT 56th"]
[Site "Postbauer"]
[Date "2007.04.07"]
[Round "7"]
[White "Suess, Helmut"]
[Black "Wittmann, Norbert"]
[Result "1-0"]
[WhiteElo "1845"]
[BlackElo "1718"]
[PlyCount "59"]
[EventDate "2007.04.04"]
[EventType "swiss"]
[EventRounds "7"]
[EventCountry "GER"]
[SourceTitle "EXT 2015"]
[Source "ChessBase"]
[SourceDate "2014.11.20"]
[SourceVersion "1"]
[SourceVersionDate "2014.11.20"]
[SourceQuality "1"]

1. d4 Nf6 2. Nf3 d5 3. c4 e6 4. Nc3 Bb4 5. Bg5 h6 6. Bh4 Nbd7 7. e3 c5 8. a3 Bxc3+ 9. bxc3 Qa5 10. Qb3 a6 11. Nd2 0-0 12. dxc5 Qxc5 13. Qb4 Ng4 14. Qxc5 Nxc5 15. Be7 Na4 16. Bxf8 Kxf8 17. Be2 Ne5 18. cxd5 Nxc3 19. f4 Ng6 20. dxe6 Bxe6 21. Bf3 Nd5 22. f5 Nxe3 23. fxe6 Nc2+ 24. Kf2 Nxa1 25. Rxa1 fxe6 26. Bxb7 Rd8 27. Ke3 a5 28. Rc1 Ne7 29. Ke2 Kf7 30. Nc4 1-0

[Event "Mittelfranken-ch QT 56th"]
[Site "Postbauer"]
[Date "2007.04.06"]
[Round "5"]
[White "Fischer, Max1111"]
[Black "Wittmann, Norbert"]
[Result "0-1"]
[WhiteElo "1581"]
[BlackElo "1718"]
[PlyCount "48"]
[EventDate "2007.04.04"]
[EventType "swiss"]
[EventRounds "7"]
[EventCountry "GER"]
[SourceTitle "EXT 2015"]
[Source "ChessBase"]
[SourceDate "2014.11.20"]
[SourceVersion "1"]
[SourceVersionDate "2014.11.20"]
[SourceQuality "1"]

1. e4 d5 2. e5 c5 3. c3 Nc6 4. Bb5 Qb6 5. Bxc6+ bxc6 6. d3 e6 7. Nf3 Ne7 8. Nh4 Ba6 9. b3 Rd8 10. Qc2 c4 11. dxc4 dxc4 12. b4 Nd5 13. a3 c5 14. 0-0 Be7 15. Nf3 0-0 16. Bg5 f6 17. exf6 Bxf6 18. Bxf6 Rxf6 19. Ng5 Rg6 20. bxc5 Qc6 21. Qd2 Rf8 22. Nh3 Rxg2+ 23. Kh1 Ne3 24. Qxe3 Rgxf2+ 0-1

[Event "Nuremberg Zabo op 07th"]
[Site "Nuremberg"]
[Date "2005.09.24"]
[Round "3"]
[White "Wittmann, Norbert"]
[Black "Heinz, Manfred"]
[Result "0-1"]
[WhiteElo "1582"]
[BlackElo "1752"]
[PlyCount "72"]
[EventDate "2005.09.23"]
[EventType "swiss"]
[EventRounds "5"]
[EventCountry "GER"]
[SourceTitle "EXT 2012"]
[Source "ChessBase"]
[SourceDate "2011.11.24"]
[SourceVersion "1"]
[SourceVersionDate "2011.11.24"]
[SourceQuality "1"]

1. c4 Nf6 2. Nc3 g6 3. g3 Bg7 4. Bg2 0-0 5. Nf3 d6 6. d4 Nbd7 7. 0-0 c5 8. e3 Rb8 9. b3 a6 10. Qe2 Re8 11. Bb2 cxd4 12. Nxd4 Nc5 13. h3 Bd7 14. Rad1 Qc8 15. Kh2 h5 16. b4 Ne6 17. Nf3 b5 18. cxb5 Bxb5 19. Nxb5 Rxb5 20. Rc1 Qb8 21. a3 a5 22. Nd4 Nxd4 23. Bxd4 d5 24. Rc5 Rxc5 25. Bxc5 axb4 26. axb4 h4 27. Ra1 Nh5 28. Ra7 hxg3+ 29. Kg1 e6 30. Qf3 gxf2+ 31. Qxf2 f5 32. Qa2 Nf6 33. Qa6 Ne4 34. Rb7 Qg3 35. Qb5 Qe1+ 36. Bf1 Qf2+ 0-1

[Event "Nuremberg Zabo op 07th"]
[Site "Nuremberg"]
[Date "2005.09.23"]
[Round "1"]
[White "Wittmann, Norbert"]
[Black "Weinmann, Stefan"]
[Result "0-1"]
[WhiteElo "1582"]
[BlackElo "1991"]
[PlyCount "108"]
[EventDate "2005.09.23"]
[EventType "swiss"]
[EventRounds "5"]
[EventCountry "GER"]
[SourceTitle "EXT 2012"]
[Source "ChessBase"]
[SourceDate "2011.11.24"]
[SourceVersion "1"]
[SourceVersionDate "2011.11.24"]
[SourceQuality "1"]

1. c4 Nf6 2. Nc3 g6 3. g3 Bg7 4. Bg2 d6 5. Nf3 0-0 6. 0-0 e5 7. d4 Nbd7 8. Bd2 c6 9. dxe5 dxe5 10. Qc1 Qc7 11. Bh6 Re8 12. Bxg7 Kxg7 13. Qc2 Nc5 14. Nd2 Bf5 15. e4 Bd7 16. Rad1 Ne6 17. Nb3 Rad8 18. Rd3 Bc8 19. Rfd1 Rxd3 20. Rxd3 Rd8 21. Rxd8 Qxd8 22. Qd2 Qxd2 23. Nxd2 Ne8 24. f3 Nd4 25. Kf2 b6 26. Bf1 Nd6 27. b3 f6 28. Bd3 Nf7 29. Bf1 Ng5 30. Nd1 Nge6 31. Nc3 Bd7 32. Bd3 Be8 33. Bf1 f5 34. Ke3 Kf6 35. Kf2 f4 36. Bh3 Nc5 37. Bf1 g5 38. Nd1 h5 39. h3 fxg3+ 40. Kxg3 Nce6 41. h4 Nf4 42. Ne3 Bd7 43. Ng2 Nxg2 44. Bxg2 Ne2+ 45. Kf2 Nf4 46. hxg5+ Kxg5 47. Bh1 h4 48. Ke3 Nh5 49. Kf2 Ng3 50. Bg2 Kf4 51. Nf1 Nxf1 52. Kxf1 Kg3 53. Kg1 c5 54. a3 Be8 0-1

[Event "Nuremberg LGA Cup 2nd"]
[Site "Nuremberg"]
[Date "2005.09.10"]
[Round "4.48"]
[White "Birkmann, Guenther"]
[Black "Wittmann, Norbert"]
[Result "1-0"]
[WhiteElo "1945"]
[BlackElo "1614"]
[PlyCount "53"]
[EventDate "2005.09.08"]
[EventType "swiss"]
[EventRounds "7"]
[EventCountry "GER"]
[SourceTitle "EXT 2022"]
[Source "ChessBase"]
[SourceDate "2021.10.06"]
[SourceVersion "1"]
[SourceVersionDate "2021.10.06"]
[SourceQuality "1"]

1. Nf3 d5 2. c4 d4 3. e3 Nc6 4. b4 Bg4 5. Qa4 Bxf3 6. gxf3 e6 7. a3 Be7 8. Bb2 Bf6 9. Qc2 Nge7 10. f4 Qd7 11. Bg2 Nf5 12. Rg1 Bh4 13. e4 Nh6 14. h3 Rd8 15. d3 f5 16. e5 Nf7 17. b5 Ne7 18. Bxb7 g5 19. Nd2 c6 20. Ba6 gxf4 21. Nf3 Ng6 22. bxc6 Qc7 23. Nxd4 Qa5+ 24. Qc3 Qxc3+ 25. Bxc3 Nfxe5 26. c7 Rxd4 27. c8Q+ 1-0

[Event "Nuremberg-ch op 04th"]
[Site "Nuremberg"]
[Date "2004.05.23"]
[Round "5"]
[White "Runte, Dirk"]
[Black "Wittmann, Norbert"]
[Result "1/2-1/2"]
[WhiteElo "1594"]
[BlackElo "1502"]
[PlyCount "58"]
[EventDate "2004.05.21"]
[EventType "swiss"]
[EventRounds "5"]
[EventCountry "GER"]
[SourceTitle "EXT 2006"]
[Source "ChessBase"]
[SourceDate "2005.11.24"]
[SourceVersion "1"]
[SourceVersionDate "2005.11.24"]
[SourceQuality "1"]

1. d4 Nf6 2. c4 e5 3. dxe5 Ng4 4. Nf3 Nc6 5. g3 Bc5 6. e3 Qe7 7. Bg2 Ngxe5 8. Nxe5 Qxe5 9. 0-0 0-0 10. Nc3 d6 11. Nd5 Bb6 12. Nxb6 axb6 13. a3 Be6 14. Bd5 Bxd5 15. Qxd5 Qxd5 16. cxd5 Ne7 17. Rd1 Ra5 18. e4 f5 19. b4 Raa8 20. Bg5 Ng6 21. Re1 Ne5 22. Kg2 fxe4 23. Rxe4 h6 24. Bd2 Nd3 25. f4 Rae8 26. Re3 Rxe3 27. Bxe3 Rf5 28. Kf3 Rxd5 29. Ke4 c6 1/2-1/2

[Event "Nuremberg-ch op 04th"]
[Site "Nuremberg"]
[Date "2004.05.23"]
[Round "4"]
[White "Ter Akopyan, Bagrat"]
[Black "Wittmann, Norbert"]
[Result "1-0"]
[WhiteElo "1619"]
[BlackElo "1502"]
[PlyCount "85"]
[EventDate "2004.05.21"]
[EventType "swiss"]
[EventRounds "5"]
[EventCountry "GER"]
[SourceTitle "EXT 2006"]
[Source "ChessBase"]
[SourceDate "2005.11.24"]
[SourceVersion "1"]
[SourceVersionDate "2005.11.24"]
[SourceQuality "1"]

1. Nf3 d5 2. d4 Nf6 3. Bf4 Bg4 4. h3 Bf5 5. e3 e6 6. Bd3 Bxd3 7. Qxd3 c6 8. Nbd2 Bd6 9. Be5 Bxe5 10. Nxe5 Nbd7 11. f4 0-0 12. g4 Nxe5 13. fxe5 Nd7 14. 0-0-0 c5 15. c3 Qa5 16. Kb1 b5 17. e4 Rab8 18. exd5 b4 19. Nb3 Qc7 20. d6 Qc6 21. dxc5 Nxc5 22. Qc4 Qe4+ 23. Qxe4 Nxe4 24. Rd4 Ng3 25. Rhd1 bxc3 26. bxc3 Ne2 27. R4d3 Nf4 28. Rf3 Nd5 29. Kc2 f6 30. a3 fxe5 31. Rxf8+ Rxf8 32. Re1 Rd8 33. c4 Nf4 34. c5 Kf7 35. Na5 Ke8 36. Rxe5 Kd7 37. Re4 Nxh3 38. Rd4 Ng5 39. c6+ Kc8 40. c7 Rd7 41. Nc6 Rxd6 42. Nxa7+ Kxc7 43. Nb5+ 1-0

[Event "Nuremberg-ch op 04th"]
[Site "Nuremberg"]
[Date "2004.05.22"]
[Round "2"]
[White "Degenhart, Herbert"]
[Black "Wittmann, Norbert"]
[Result "1/2-1/2"]
[WhiteElo "1706"]
[BlackElo "1502"]
[PlyCount "78"]
[EventDate "2004.05.21"]
[EventType "swiss"]
[EventRounds "5"]
[EventCountry "GER"]
[SourceTitle "EXT 2006"]
[Source "ChessBase"]
[SourceDate "2005.11.24"]
[SourceVersion "1"]
[SourceVersionDate "2005.11.24"]
[SourceQuality "1"]

1. e4 d5 2. exd5 Nf6 3. c4 c6 4. Nc3 cxd5 5. cxd5 Nxd5 6. Bb5+ Bd7 7. Qf3 Nxc3 8. Bxd7+ Qxd7 9. dxc3 Nc6 10. Bf4 Rd8 11. Rd1 Qxd1+ 12. Qxd1 Rxd1+ 13. Kxd1 e5 14. Be3 Bd6 15. Ne2 Ke7 16. Kc2 Rc8 17. a3 a6 18. Rd1 Ke6 19. g3 h6 20. h4 f6 21. f4 Na5 22. f5+ Ke7 23. Bc1 Rd8 24. g4 Bc7 25. Rg1 Bb6 26. Rg2 Nc4 27. g5 hxg5 28. hxg5 Ne3+ 29. Bxe3 Bxe3 30. gxf6+ Kxf6 31. Ng3 Rh8 32. Ne4+ Kxf5 33. Nd6+ Kf6 34. Nxb7 g5 35. Nd6 Bf4 36. c4 Rh2 37. Rxh2 Bxh2 38. Ne4+ Kf5 39. Kd3 g4 1/2-1/2

[Event "Mittelfranken Mitte-ch 0304"]
[Site "Zirndorf"]
[Date "2004.01.06"]
[Round "6"]
[White "Dreiseitel, Werner"]
[Black "Wittmann, Norbert"]
[Result "1/2-1/2"]
[WhiteElo "1231"]
[BlackElo "1361"]
[PlyCount "49"]
[EventDate "2004.01.02"]
[EventType "swiss"]
[EventRounds "7"]
[EventCountry "GER"]
[SourceTitle "EXT 2015"]
[Source "ChessBase"]
[SourceDate "2014.11.20"]
[SourceVersion "1"]
[SourceVersionDate "2014.11.20"]
[SourceQuality "1"]

1. d4 Nf6 2. c4 e5 3. dxe5 Ng4 4. g3 Nxe5 5. e3 Bc5 6. Nd2 0-0 7. Ngf3 Ng4 8. Bg2 Bxe3 9. 0-0 Bxd2 10. Bxd2 Nc6 11. Qc2 f6 12. Rae1 d6 13. Bc3 Rb8 14. b3 Nce5 15. Nxe5 Nxe5 16. f4 Ng6 17. Be4 f5 18. Bd3 Ne7 19. Qb2 Rf7 20. Re3 Bd7 21. Rfe1 Qf8 22. Bf1 Rd8 23. Bg2 Bc6 24. Bxc6 Nxc6 25. Qe2 1/2-1/2

[Event "Mittelfranken Mitte-ch 0304"]
[Site "Zirndorf"]
[Date "2004.01.06"]
[Round "7"]
[White "Wittmann, Norbert"]
[Black "Thoma, Dirk"]
[Result "1/2-1/2"]
[WhiteElo "1361"]
[BlackElo "1419"]
[PlyCount "73"]
[EventDate "2004.01.02"]
[EventType "swiss"]
[EventRounds "7"]
[EventCountry "GER"]
[SourceTitle "EXT 2015"]
[Source "ChessBase"]
[SourceDate "2014.11.20"]
[SourceVersion "1"]
[SourceVersionDate "2014.11.20"]
[SourceQuality "1"]

1. e4 e5 2. Nf3 Nc6 3. d4 exd4 4. Nxd4 Bc5 5. Be3 Qf6 6. c3 Nge7 7. Qd2 Qg6 8. Nb5 Bxe3 9. Qxe3 Kd8 10. Qf3 a6 11. Nd4 Ne5 12. Qe3 d6 13. Nd2 c5 14. N4f3 f6 15. g3 Be6 16. 0-0-0 Nxf3 17. Nxf3 Kc7 18. Bd3 Qf7 19. a3 Rhd8 20. b4 b6 21. Kb2 Ba2 22. Nd2 Be6 23. Ra1 Nc6 24. f4 Re8 25. Rhe1 f5 26. Nf3 h6 27. e5 c4 28. Bc2 d5 29. a4 g6 30. b5 axb5 31. axb5 Na5 32. Nd4 Rg8 33. Rf1 Rgb8 34. h3 h5 35. h4 Rb7 36. Ra2 Qe8 37. Qf3 1/2-1/2

[Event "Mittelfranken Mitte-ch 0304"]
[Site "Zirndorf"]
[Date "2004.??.??"]
[Round "2"]
[White "Hannweber, Markus"]
[Black "Wittmann, Norbert"]
[Result "1-0"]
[WhiteElo "1901"]
[BlackElo "1361"]
[PlyCount "47"]
[EventDate "2004.01.02"]
[EventType "swiss"]
[EventRounds "7"]
[EventCountry "GER"]
[SourceTitle "EXT 2015"]
[Source "ChessBase"]
[SourceDate "2014.11.20"]
[SourceVersion "1"]
[SourceVersionDate "2014.11.20"]
[SourceQuality "1"]

1. e4 d5 2. exd5 Nf6 3. Nf3 Nxd5 4. d4 Nc6 5. Be2 Bg4 6. 0-0 e6 7. h3 Bh5 8. c4 Nf6 9. Be3 Be7 10. Nc3 Qd7 11. Qd2 Rd8 12. Rad1 0-0 13. a3 b6 14. b4 Bd6 15. Qc1 a6 16. Rfe1 Rc8 17. Rd2 Na7 18. g4 Bg6 19. c5 Be7 20. Ne5 Qe8 21. Bxa6 Rd8 22. Nxg6 fxg6 23. Bf1 Nc6 24. Bb5 1-0